[Event "Tamil Nadu IM 7th"]
[Site "Chennai"]
[Date "2023.12.01"]
[Round "9"]
[White "Gochelashvili, David"]
[Black "Gugan, G."]
[Result "1-0"]
[WhiteElo "2304"]
[BlackElo "2174"]
[PlyCount "101"]
[EventDate "2023.11.26"]
[EventType "tourn"]
[EventRounds "9"]
[EventCountry "IND"]
[EventCategory "1"]
[SourceTitle "CB49_2023"]
[SourceDate "2023.12.06"]
[SourceVersion "1"]
[SourceVersionDate "2023.12.06"]
[SourceQuality "1"]

1. d4 Nf6 2. Nf3 e6 3. Bf4 c5 4. e3 Nc6 5. Nbd2 d5 6. c3 Bd6 7. Bg3 0-0 8. Bb5 cxd4 9. exd4 a6 10. Bd3 Nh5 11. Ne5 g6 12. Qe2 f6 13. Nxc6 bxc6 14. Bxd6 Qxd6 15. g3 e5 16. dxe5 fxe5 17. 0-0-0 Qf6 18. f3 a5 19. Rhe1 Re8 20. Qe3 a4 21. Re2 Bd7 22. Bc2 Ng7 23. g4 Kh8 24. h3 Bc8 25. Rde1 Ba6 26. Bd3 Bxd3 27. Qxd3 Rab8 28. Qa6 Ra8 29. Qb6 Reb8 30. Qe3 Re8 31. Qc5 Ra6 32. Rxe5 Rb8 33. Qd4 Rab6 34. Re8+ Rxe8 35. Rxe8+ Nxe8 36. Qxb6 Kg8 37. Qa6 c5 38. Qxa4 Kf7 39. Qd7+ Kf8 40. Qxd5 Qe7 41. Ne4 Qh4 42. Qxc5+ Kg8 43. Qc4+ Kf8 44. Qf1 Qh6+ 45. f4 Qg7 46. Qf2 Qf7 47. Qc5+ Kg8 48. Qe5 Kf8 49. b3 Nc7 50. Ng5 Qd7 51. Qxc7 1-0

[Event "Lorca Christmas op"]
[Site "Lorca"]
[Date "2022.12.27"]
[Round "2"]
[White "Materia, Marco"]
[Black "Gugan, G."]
[Result "1-0"]
[WhiteElo "2396"]
[BlackElo "2126"]
[PlyCount "59"]
[EventDate "2022.12.26"]
[EventType "swiss"]
[EventRounds "9"]
[EventCountry "ESP"]
[SourceTitle "CBM 211 Extra"]
[Source "ChessBase"]
[SourceDate "2023.01.31"]
[SourceVersion "1"]
[SourceVersionDate "2023.01.31"]
[SourceQuality "1"]

1. d4 e6 2. Nf3 f5 3. Bf4 Nf6 4. e3 Be7 5. c4 Nh5 6. Bg3 d6 7. Nc3 Bf6 8. Qc2 g6 9. 0-0-0 Qe7 10. Kb1 Nc6 11. d5 Ne5 12. Nd4 0-0 13. Bxe5 dxe5 14. Nxe6 Bxe6 15. dxe6 Qxe6 16. Nd5 Bd8 17. c5 Kh8 18. c6 bxc6 19. Nb4 Nf6 20. Nxc6 Be7 21. Nxe7 Qxe7 22. Bc4 Rab8 23. Rd3 Rb4 24. Rc1 c5 25. Rb3 Ne4 26. Rxb4 cxb4 27. f3 Nd6 28. Ba6 Rd8 29. Qc7 Qd7 30. Qa5 1-0

[Event "Sitges Sunway op 9th"]
[Site "Sitges"]
[Date "2022.12.21"]
[Round "9"]
[White "Van Dael, Siem"]
[Black "Gugan, G."]
[Result "0-1"]
[WhiteElo "2345"]
[BlackElo "2126"]
[PlyCount "74"]
[EventDate "2022.12.12"]
[EventType "swiss"]
[EventRounds "10"]
[EventCountry "ESP"]
[SourceTitle "CBM 211 Extra"]
[Source "ChessBase"]
[SourceDate "2023.01.31"]
[SourceVersion "1"]
[SourceVersionDate "2023.01.31"]
[SourceQuality "1"]

1. e4 e6 2. d4 d5 3. Nc3 Nf6 4. Bg5 Be7 5. e5 Nfd7 6. Bxe7 Qxe7 7. Qg4 f5 8. exf6 Nxf6 9. Qh4 c5 10. dxc5 Nc6 11. 0-0-0 Bd7 12. Nb5 0-0 13. Nf3 Ne4 14. Qxe7 Nxe7 15. Re1 Nxf2 16. Rg1 Ne4 17. Nbd4 Nc6 18. Bb5 Nxd4 19. Bxd7 Rxf3 20. gxf3 Nxc5 21. Rg4 Nxf3 22. Re3 Nxd7 23. Rxe6 Nfe5 24. Rg5 Ng6 25. h4 Ndf8 26. Re1 h6 27. Rxd5 Nxh4 28. Re7 b6 29. c4 Nhg6 30. Rb7 Nf4 31. Rf5 N4e6 32. Rff7 g5 33. Rxa7 Rxa7 34. Rxa7 g4 35. Ra3 h5 36. Kd2 h4 37. Ke3 h3 0-1

[Event "Sitges Sunway op 9th"]
[Site "Sitges"]
[Date "2022.12.20"]
[Round "8"]
[White "Gugan, G."]
[Black "Kaasen, Tor Fredrik"]
[Result "0-1"]
[WhiteElo "2126"]
[BlackElo "2452"]
[PlyCount "78"]
[EventDate "2022.12.12"]
[EventType "swiss"]
[EventRounds "10"]
[EventCountry "ESP"]
[SourceTitle "CBM 211 Extra"]
[Source "ChessBase"]
[SourceDate "2023.01.31"]
[SourceVersion "1"]
[SourceVersionDate "2023.01.31"]
[SourceQuality "1"]

1. e4 c5 2. Nf3 d6 3. Nc3 Nc6 4. d4 cxd4 5. Nxd4 Nf6 6. Bg5 Bd7 7. Qd2 a6 8. Bc4 e6 9. 0-0-0 h6 10. Nxc6 Bxc6 11. Bf4 b5 12. Bb3 b4 13. Nd5 Nxe4 14. Qxb4 exd5 15. Rxd5 Nc5 16. Re1+ Ne6 17. Bxd6 Qc7 18. Bxf8 Rxf8 19. Rd6 Bd7 20. f4 a5 21. Qd2 0-0-0 22. Re3 Bc6 23. Bxe6+ fxe6 24. Rexe6 Rxd6 25. Rxd6 Bxg2 26. Rd4 Bb7 27. b3 Rd8 28. f5 Rxd4 29. Qxd4 Kb8 30. f6 gxf6 31. Qxf6 Be4 32. Qf2 Kb7 33. Qe2 Qe5 34. Kb1 Qd5 35. Kb2 Qd4+ 36. Kb1 Kb6 37. Qh5 Qd2 38. Kb2 Qxc2+ 39. Ka3 Qc1+ 0-1

[Event "Sitges Sunway op 9th"]
[Site "Sitges"]
[Date "2022.12.19"]
[Round "7"]
[White "Krasteva, Beloslava"]
[Black "Gugan, G."]
[Result "0-1"]
[WhiteElo "2350"]
[BlackElo "2126"]
[PlyCount "132"]
[EventDate "2022.12.12"]
[EventType "swiss"]
[EventRounds "10"]
[EventCountry "ESP"]
[SourceTitle "CBM 211 Extra"]
[Source "ChessBase"]
[SourceDate "2023.01.31"]
[SourceVersion "1"]
[SourceVersionDate "2023.01.31"]
[SourceQuality "1"]

1. d4 e6 2. Bf4 Nf6 3. Nf3 c5 4. e3 Nc6 5. Nbd2 d5 6. c3 Bd6 7. Bg3 0-0 8. Bd3 Qe7 9. Ne5 Nd7 10. Nxd7 Bxd7 11. Bxd6 Qxd6 12. dxc5 Qxc5 13. Bxh7+ Kxh7 14. Qh5+ Kg8 15. Ne4 Qc4 16. Ng5 Rfd8 17. Qxf7+ Kh8 18. Qh5+ Kg8 19. Qh7+ Kf8 20. Qh8+ Ke7 21. Qxg7+ Kd6 22. Nf7+ Kc7 23. Nxd8 Rxd8 24. h4 e5 25. Qf7 Kb8 26. h5 Nb4 27. Qe7 Nd3+ 28. Kd2 Kc8 29. b3 Qa6 30. f3 Nf2 31. Qc5+ Bc6 32. Rhf1 d4 33. c4 dxe3+ 34. Ke2 Nd3 35. Qxe3 Qa3 36. Rfb1 Nf4+ 37. Kf1 Qe7 38. Rd1 Rg8 39. Rd2 Qh4 40. Qxa7 Qh1+ 41. Qg1 Qxh5 42. Qa7 Qh1+ 43. Qg1 Qxg1+ 44. Kxg1 Bxf3 45. Kh2 Bxg2 46. Rg1 Rh8+ 47. Kg3 Bc6 48. Rh2 Rxh2 49. Kxh2 e4 50. Re1 Nd3 51. Re2 Kd7 52. a3 Ke6 53. b4 Ke5 54. b5 Be8 55. a4 Bh5 56. Ra2 e3 57. a5 e2 58. Rxe2+ Bxe2 59. a6 b6 60. Kg3 Ne1 61. a7 Bf3 62. c5 bxc5 63. Kf2 Kd4 64. Kxe1 Kc4 65. b6 Kb5 66. Kd2 Kxb6 0-1

[Event "Sitges Sunway op 9th"]
[Site "Sitges"]
[Date "2022.12.16"]
[Round "5"]
[White "Vogt, Lothar"]
[Black "Gugan, G."]
[Result "1/2-1/2"]
[WhiteElo "2339"]
[BlackElo "2126"]
[PlyCount "55"]
[EventDate "2022.12.12"]
[EventType "swiss"]
[EventRounds "10"]
[EventCountry "ESP"]
[SourceTitle "CBM 211 Extra"]
[Source "ChessBase"]
[SourceDate "2023.01.31"]
[SourceVersion "1"]
[SourceVersionDate "2023.01.31"]
[SourceQuality "1"]

1. e4 e6 2. d3 d5 3. Nd2 c5 4. Ngf3 Nc6 5. g3 Nf6 6. Bg2 Be7 7. 0-0 0-0 8. Re1 a5 9. e5 Nd7 10. Nf1 b5 11. h4 b4 12. Bf4 Ba6 13. Ne3 Nb6 14. Ng5 c4 15. d4 h6 16. Nf3 Na4 17. Rb1 c3 18. b3 Nb2 19. Qc1 Qb6 20. Bxh6 gxh6 21. Ng4 Nxd4 22. Qxh6 Nf5 23. Qh5 Nxg3 24. Qh6 Nf5 25. Qh5 Ng3 26. Qh6 Nf5 27. Qh5 Ng3 28. Qh6 1/2-1/2

[Event "Benidorm op-A"]
[Site "Benidorm"]
[Date "2022.12.08"]
[Round "6"]
[White "Cruz Lledo, Pablo"]
[Black "Gugan, G."]
[Result "1/2-1/2"]
[WhiteElo "2404"]
[BlackElo "2126"]
[PlyCount "64"]
[EventDate "2022.12.03"]
[EventType "swiss"]
[EventRounds "9"]
[EventCountry "ESP"]
[SourceTitle "EXT 2024"]
[Source "ChessBase"]
[SourceDate "2023.10.10"]
[SourceVersion "1"]
[SourceVersionDate "2023.10.10"]
[SourceQuality "1"]

1. d4 e6 2. Nf3 f5 3. Bg5 Nf6 4. Nbd2 d5 5. e3 Bd6 6. c4 c6 7. Ne5 0-0 8. f4 Nbd7 9. c5 Be7 10. Be2 Nxe5 11. fxe5 Ne4 12. Bxe7 Qxe7 13. 0-0 Bd7 14. Nxe4 dxe4 15. Qd2 Be8 16. b4 Rd8 17. a4 g5 18. Bc4 Kg7 19. g3 Bh5 20. Be2 Bg6 21. Rad1 h5 22. b5 h4 23. g4 fxg4 24. Rxf8 Rxf8 25. Bxg4 Bf5 26. Qg2 Kh6 27. Rf1 Qe8 28. Be2 Qd8 29. Bc4 g4 30. Rf4 Rg8 31. Qf1 Kg6 32. Rxf5 exf5 1/2-1/2

[Event "Krakow op-B 32nd"]
[Site "Krakow"]
[Date "2021.12.30"]
[Round "4"]
[White "Gugan, G."]
[Black "Kejna, Piotr"]
[Result "1/2-1/2"]
[WhiteElo "2084"]
[BlackElo "1958"]
[PlyCount "118"]
[EventDate "2021.12.27"]
[EventType "swiss"]
[EventRounds "9"]
[EventCountry "POL"]
[SourceTitle "EXT 2023"]
[Source "ChessBase"]
[SourceDate "2022.10.05"]
[SourceVersion "1"]
[SourceVersionDate "2022.10.05"]
[SourceQuality "1"]

1. e4 c5 2. Nf3 d6 3. d4 cxd4 4. Nxd4 Nf6 5. Nc3 g6 6. Be3 Bg7 7. f3 a6 8. Qd2 h5 9. Bc4 Qc7 10. Bb3 Nbd7 11. 0-0-0 b5 12. Rhe1 Bb7 13. Bg5 Nb6 14. f4 Nc4 15. Qe2 Rc8 16. Nd5 Nxd5 17. exd5 0-0 18. Qxe7 Qa5 19. Bxc4 Rxc4 20. Bf6 Bxf6 21. Qxf6 Bxd5 22. Nf5 Rxc2+ 23. Kxc2 Qa4+ 24. Kd2 Qxf4+ 25. Re3 gxf5 26. Rf1 Qb4+ 27. Qc3 Qxc3+ 28. Rxc3 Be4 29. Ke3 Kg7 30. Rd1 d5 31. Kf4 Re8 32. Rc6 Bxg2 33. Rxa6 Re2 34. b3 Re4+ 35. Kg3 Rg4+ 36. Kf2 h4 37. a4 h3 38. axb5 Rb4 39. Rb6 Rxb3 40. Rb8 f4 41. Rd2 Kf6 42. b6 Kf5 43. b7 d4 44. Rxd4 Rb2+ 45. Ke1 Rb1+ 46. Rd1 Rxb7 47. Rxb7 Bxb7 48. Rd7 Bg2 49. Rxf7+ Ke4 50. Kf2 Ke5 51. Rf8 Ke4 52. Re8+ Kd4 53. Ke2 Be4 54. Re7 Kd5 55. Re8 Kd4 56. Re6 Bg2 57. Re8 Bh1 58. Kd2 Bg2 59. Rd8+ Ke4 1/2-1/2

[Event "Krakow op-B 32nd"]
[Site "Krakow"]
[Date "2021.12.29"]
[Round "3"]
[White "Slabek, Grzegorz"]
[Black "Gugan, G."]
[Result "1/2-1/2"]
[WhiteElo "1961"]
[BlackElo "2084"]
[PlyCount "108"]
[EventDate "2021.12.27"]
[EventType "swiss"]
[EventRounds "9"]
[EventCountry "POL"]
[SourceTitle "EXT 2023"]
[Source "ChessBase"]
[SourceDate "2022.10.05"]
[SourceVersion "1"]
[SourceVersionDate "2022.10.05"]
[SourceQuality "1"]

1. Nf3 e6 2. e3 f5 3. Be2 Nf6 4. b3 d5 5. Bb2 Bd6 6. 0-0 0-0 7. Ne5 Nbd7 8. f4 c6 9. d4 Qe7 10. Nd2 Ne4 11. Nxe4 fxe4 12. Bg4 Nf6 13. Bh3 Bd7 14. Qe1 Rad8 15. Qh4 Bc8 16. Rf2 c5 17. g4 Nd7 18. Qxe7 Bxe7 19. Nxd7 Bxd7 20. g5 cxd4 21. Bxd4 e5 22. Bxd7 exd4 23. Be6+ Kh8 24. exd4 e3 25. Rff1 Bb4 26. Bg4 Rde8 27. Be2 Re4 28. f5 Rxd4 29. Rad1 Rxd1 30. Bxd1 Be7 31. g6 Bh4 32. Rf3 Bf2+ 33. Kf1 Rf6 34. Be2 Kg8 35. gxh7+ Kxh7 36. Rh3+ Kg8 37. Bd3 b6 38. Ke2 Kf7 39. Rh8 Rh6 40. Rd8 Rxh2 41. Rxd5 Bg1+ 42. Kf1 Bf2 43. Re5 Kf6 44. Re6+ Kg5 45. Re4 Rh4 46. Re7 Kf4 47. Re4+ Kf3 48. Rxh4 Bxh4 49. Be2+ Ke4 50. Bd3+ Kd4 51. Ke2 Bg5 52. a4 Kc3 53. Be4 Kd4 54. Bd3 Kc3 1/2-1/2